| 000 | 01318nam a2200397 c 4500 | ||
|---|---|---|---|
| 001 | 52323 | ||
| 003 | ES-MaCES | ||
| 005 | 20250203133932.0 | ||
| 007 | cr ||||||||||| | ||
| 008 | 220704s2020 sp 000 | spa d | ||
| 040 |
_aES-MaCES _bspa _cES-MaCES |
||
| 245 | 0 | 0 |
_aParticipación política de las mujeres campesinas en el Estado español _ccoord., Fundación Mundabat y CERES |
| 260 |
_a[Bilbao] _bMundubat _c2020 |
||
| 300 |
_a130 p. _c24 cm _e1 document pdf (5,00 mB) |
||
| 504 | _aBibliografía: p. 127-130 | ||
| 541 | _cGratuito | ||
| 650 | 4 |
_amujeres _928657 |
|
| 650 | 4 |
_atrabajadora _928413 |
|
| 650 | 4 |
_atrabajador rural _928445 |
|
| 650 | 4 |
_acampesinado _929755 |
|
| 650 | 4 |
_aparticipación política _927242 |
|
| 650 | 4 |
_atoma de decisiones _928194 |
|
| 650 | 4 |
_adesarrollo rural _928607 |
|
| 650 | 4 |
_aorganización de trabajadores rurales _929356 |
|
| 650 | 4 |
_acooperativa agrícola _927516 |
|
| 650 | 4 |
_acooperativa rural _927519 |
|
| 650 | 4 |
_aopinión _927275 |
|
| 650 | 4 |
_aentrevista _928852 |
|
| 650 | 4 |
_aEspaña _926964 |
|
| 653 | 1 | 0 | _aMujer |
| 710 | 2 |
_940409 _aFundación Mundabat |
|
| 710 | 2 |
_940411 _aConfederación de Mujeres del Mundo Rural |
|
| 856 | 4 |
_uhttp://biblioteca.ces.es/repintra/B52323.pdf _ytexto completo |
|
| 902 | _aLIB Libro | ||
| 942 |
_2CES _cBK _h3.3. |
||
| 999 |
_c52323 _d52323 |
||